banner-ar

مختارات من القصة القصيرة (هدية من الاديب عبدالفتاح الجمل) / (Record no. 38444)

MARC details
000 -الفاتح
حقل البيانات ثابتة الطول 00642nam a2200193Ia 4500
008 - عناصر البيانات ثابتة الطول - معلومات عامة
حقل البيانات ثابتة الطول 140319s9999 xx 000 0 ara d
040 ## - مصدر الفهرسة
وكالة الفهرسة الأصلية GCL /
وكالة النسخ GCL
082 04 - رقم تصنيف ديوى العشرى
رقم التصنيف 894.35
رقم المادة ا م
100 1# - المدخل الرئيسى - إسم شخصى
الإسم الشخصى اكمل الدين احسان اوغلى
245 10 - بيان العنوان
العنوان مختارات من القصة القصيرة (هدية من الاديب عبدالفتاح الجمل) /
بيان المسئوليه,etc اكمل الدين احسان اوغلى
700 1# - المدخل الاضافى - اسم شخصى
الإسم الشخصى ثروت عكاشة
300 ## - الوصف المادى
التعداد 205 ص
490 ## - بيان السلسلة
عنوان السلسلة
650 04 - المدخل الاضافى بالموضوع-مصطلح موضوعى
مصطلح موضوعي القصة القصيرة
650 04 - المدخل الاضافى بالموضوع-مصطلح موضوعى
مصطلح موضوعي الادب التركى
650 04 - المدخل الاضافى بالموضوع-مصطلح موضوعى
مصطلح موضوعي الادب التركى الحديث
942 ## - عناصر المدخل الإضافي( كوها)
مصدر التصنيف او مخطط الترفيف Dewey Decimal Classification
Koha [default] item type كتاب
Holdings
حالة التراجع حالة الفقد حالة تلف ليس للاعارة المكان المؤقت الموقع الحالى تاريخ الاكتساب اجمالي اﻻعارات رقم الطلب الباركود تاريخ اخر مشاهدة تاريخ تفعيل السعر نوع وعاء كوها
        مكتبة القاهرة الكبرى مكتبة القاهرة الكبرى 03/26/2014   894.35\ا م 93652 03/26/2014 03/26/2014 كتاب

Powered By

EGPV